000 01925cam a22004934i 4500
003 PE-LiUPU
005 20250731173317.0
008 150616s r 000 0 d
035 _a(Sirsi) a3764
040 _aPE-LiUPU
_bspa
_cPE-LiUPU
_erda
049 _aPRUA
082 0 4 _b
_221
100 1 _aRowley, H. H.,
_eautor.
245 1 3 _aLa fe de Israel /
_cH. H. Rowley.
264 1 _a[Buenos Aires] :
_bCasa Bautista de Publicaciones],
_c1973.
300 _a220 páginas ;
_c19 cm.
336 _atext
_2rdacontent
337 _aunmediated
_2rdamedia
338 _avolume
_2rdacarrier
504 _aNotas Bibliograficas.
505 0 _aLa revelación y sus medios -- La naturaleza de Dios -- La naturaleza y la necesidad -- El individuo y la comunidad -- La vida virtuosa -- La muerte y el más allá -- El día del Señor.
526 _aSEG42
526 _aSEG41
526 _aSEG40
526 _aSEG39
526 _aP94
526 _aP87
526 _aP86
526 _aP85
526 _aP77
526 _aP76
526 _aP35
650 0 4 _aDios.
_93786
910 _ajck
_bjvq
_cjck
942 _2ddc
_cBOOK
949 _a296.311 R89
_wDEWEY
_c1
_i23138
_lCCODEBUL1
_mBUL
_p00.00
_r0
_sY
_tBOOK
_u2015-04-23
_xBIBLIOTECA
_zUNKNOWN
_0COMPRA
_o.STAFF. Colección General
949 _a296.311 R89
_wDEWEY
_c2
_i20857
_lCCODEBUL1
_mBUL
_p00.00
_r0
_sY
_tBOOK
_u19820920
_xTEOLOGIA
_zUNKNOWN
_0COMPRA
_o.STAFF. Colección General
994 _aC0
_bPEPRU
596 _a1
999 _a296.311 R89
_wDEWEY
_c45835
_i23138
_f2019-12-11
_g4
_lDISCARD
_mBUL
_r1
_sY
_tBOOK
_u2015-4-23
_xTEOLOGIA
_zUNKNOWN
_0COMPRA
_o.STAFF. Colección General
_d45835
999 _a296.311 R89
_wDEWEY
_c2
_i20857
_f2021-11-12
_g5
_lCCODEBUL1
_mBUL
_r0
_sY
_tBOOK
_u2015-6-16
_xTEOLOGIA
_zUNKNOWN
_0COMPRA
_o.STAFF. Colección General
980 _81
_gALBERTO SANCHEZ Responsable de Automatización